La teoría platónica del conocimiento: el Teeteto y el Sofista
-д хадгалсан:
| Үндсэн зохиолч: | |
|---|---|
| Формат: | Ном |
| Хэл сонгох: | испани |
| Хэвлэсэн: |
Buenos Aires
Paidós
1968
|
| Цуврал: | Biblioteca de filosofía. Serie mayor, 7
|
| Нөхцлүүд: | |
| Шошгууд: |
Шошго нэмэх
Шошго байхгүй, Энэхүү баримтыг шошголох эхний хүн болох!
|
MARC
| LEADER | 00000nam a2200000 a 4500 | ||
|---|---|---|---|
| 001 | UCY6265 | ||
| 003 | CL-VaPUC | ||
| 008 | 950521e19680000AG |||||||||||||||||spa|d | ||
| 082 | 0 | 4 | |a 184 |b COR |2 21 |
| 100 | 0 | |a Cornford, Francis MacDonald |e author |9 336118 | |
| 245 | 1 | 3 | |a La teoría platónica del conocimiento: el Teeteto y el Sofista |
| 300 | |a 299 p | ||
| 942 | |c BK | ||
| 945 | |d 19950521 00:00:00 |a oaravena | ||
| 260 | |a Buenos Aires |b Paidós |c 1968 | ||
| 600 | 0 | 7 | |a PLATON |2 CL-VaPUC |9 222 |
| 650 | 0 | |a Filosofía |9 223554 | |
| 650 | 0 | |a Filosofía antigua |9 255705 | |
| 650 | 0 | |a Metafísica |9 265649 | |
| 650 | 0 | |a Epistemología |9 264994 | |
| 650 | 7 | |a RECURSOS LITERARIOS |2 CL-VaPUC |9 336119 | |
| 651 | 0 | |a Grecia |9 265314 | |
| 583 | |a last modification |c 19950521 00:00:00 |k Rodrigo Vera | ||
| 490 | 0 | |a Biblioteca de filosofía. Serie mayor, 7 | |
| 999 | |c 233843 |d 233841 | ||
| 952 | |0 0 |1 0 |4 0 |6 184_000000000000000_COR_1968 |7 0 |8 A |9 239634 |a BIBEDU |b BIBEDU |d 2019-11-18 |i 1506463 |o 184 COR 1968 |p 1506463 |r 2019-11-18 |w 2019-11-18 |y BK |k FIL | ||